Population change in South east Asia
| Other Authors: | , |
|---|---|
| Format: | Book |
| Published: |
Singapore :
Institut of South East Asian Studies ,
1983
|
| Series: | series: SEAPRAP
|
| Subjects: |
MARC
| LEADER | 00000cam a2200000 7i4500 | ||
|---|---|---|---|
| 001 | 0000002056 | ||
| 005 | 20050426.0 | ||
| 020 | |a 9971902567 | ||
| 040 | |a INS | ||
| 090 | 0 | 0 | |a HB3641. |b P67 1983 |
| 245 | 1 | 0 | |a Population change in South east Asia |c edited by Wilfredo F. Arce |
| 260 | |a Singapore : |b Institut of South East Asian Studies , |c 1983 | ||
| 300 | |a 499 p : |b ill ; |c 26 cm. | ||
| 440 | 0 | |a series: SEAPRAP | |
| 650 | 0 | 0 | |a Population research |z South east Asian |
| 700 | 1 | |a Alvarez, Gabriel C. | |
| 700 | 1 | |a Arce, Wilfredo F. | |
| 999 | |a 0000000480 |b BOOK |c Open Shelf |e Default branch | ||